Projekt škola podporujúca zdravie a jej význam pre zdravý psychický vývin a rozvoj osobnosti dieťaťa

Bibliographic Details
Main Author: Kopasová, Dorota, 1944- (Author)
Format: Article
Language:Slovak
PhysicalDescription:Lit. 5 zázn. v slov.
Subjects:

MARC

LEADER 00000nab a2200000 a 4500
001 vtls000572867
003 SK-MaSNL
005 20260304170217.0
008 250425c19951996xo 0 slo
015 |a SNBRB19rr/mm-uuuuu 
035 |a CL0573005 
035 |a urn:nbn:sk:snk-ab1efm 
035 |a (urnnbn)urn:nbn:sk:snk:ar-002zaw 
035 |a (uuid)24381aef-a836-4b60-9683-fb792782dc98 
040 |a SNKBUCL  |b slo  |c SNKBUCL  |e AACR2 
041 0 |a slo 
044 |a xo  |c SK 
080 |a 371.71:373.24  |2 1981 
080 |a 373.24  |2 1981 
100 1 |a Kopasová, Dorota,  |d 1944-  |4 aut  |9 120576 
245 1 0 |a Projekt škola podporujúca zdravie a jej význam pre zdravý psychický vývin a rozvoj osobnosti dieťaťa  |c Dorota Kopasová 
300 |b Lit. 5 zázn. v slov. 
650 0 7 |a materské školy  |2 snkbucl  |9 1278 
650 0 7 |a školy podporujúce zdravie  |2 snkbucl  |9 861147 
655 7 |a články z novín a časopisov  |2 snkbucl  |9 267496 
773 0 |t Predškolská výchova  |g Roč. 50, č. 6 (1995/1996), s. 5-6 
850 |a Slovenská národná knižnica 
852 |a Slovenská národná knižnica 
954 |a odborná, vedecká literatúra pôvodná (slovenská)  |2 lita 
958 |a article27 
958 |a RK 
958 |a SK 
958 |a OND 
958 |a EUIPO 
992 |a RBX 
999 |c 2987621  |d 2989551